NBA Players Birthdays Part 1 - Statistics

General Stats
  • This quiz has been taken 25 times
  • The average score is 7 of 20
Answer Stats
Birthdate Answer % Correct
December 30th, 1984 LeBron James
95%
February 17th, 1963 Michael Jordan
80%
August 21st, 1936 Wilt Chamberlain
75%
December 7th, 1956 Larry Bird
70%
February 12th, 1934 Bill Russell
65%
August 23rd, 1978 Kobe Bryant
60%
March 6th, 1972 Shaquille O'Neal
45%
January 17th, 1982 Dwyane Wade
35%
November 24th, 1938 Oscar Robertson
30%
February 22nd, 1954 Julius Erving
25%
August 22nd, 2001 LaMelo Ball
25%
June 29th, 1991 Kawhi Leonard
20%
May 6th, 1985 Chris Paul
15%
August 6th, 1965 David Robinson
15%
February 7th, 1974 Steve Nash
15%
November 15th, 1995 Karl-Anthony Towns
10%
June 24th, 2004 Reed Sheppard
10%
November 12th, 1988 Russell Westbrook
10%
January 26th 1977 Vince Carter
10%
March 16th, 1989 Blake Griffin
0%
No matching quizzes found
Score Distribution
Percent of People with Each Score
Percentile by Number Answered
Your Score History
You have not taken this quiz